Teatro

שמור ב:
מידע ביבליוגרפי
מחבר ראשי: Camus, Albert (Author)
פורמט: ספר
שפה:ספרדית
יצא לאור: Buenos Aires Losada 1957
מהדורה:4a. ed
סדרה:Gran Teatro del Mundo
נושאים:
תגים: הוספת תג
אין תגיות, היה/י הראשונ/ה לתייג את הרשומה!

MARC

LEADER 00000nam a2200000 a 4500
001 UCT4194
003 CL-VaPUC
008 961108e19570000AG |||||||||||||||||spa|d
082 0 4 |a 842  |b CAM  |2 21 
100 0 |a Camus, Albert  |e author  |9 315220 
245 1 0 |a Teatro 
246 1 3 |a El malentendido 
246 1 0 |a Calígula 
246 1 3 |a El estado de sitio 
246 1 4 |a Los justos 
250 |a 4a. ed 
300 |a 259 p 
942 |c BK 
945 |d 19961108 00:00:00  |a rleighto 
260 |a Buenos Aires  |b Losada  |c 1957 
650 7 |a DRAMAS FRANCESES  |2 CL-VaPUC  |9 267189 
583 |a last modification  |c 19961108 00:00:00  |k Rodrigo Vera 
490 0 |a Gran Teatro del Mundo 
999 |c 253607  |d 253605 
952 |0 0  |1 0  |4 0  |6 842_000000000000000_CAM_1957  |7 0  |8 A  |9 274553  |a BIBEDU  |b BIBEDU  |d 2019-11-19  |i 3249360  |o 842 CAM 1957  |p 3249360  |r 2019-11-19  |w 2019-11-19  |y BK  |k LIT